000 00434nam a2200181Ia 4500
001 2316
005 20260306144758.0
008 260306t2017||||xx |||||||||||||| ||spa||
041 _aESP
082 _a616.8589
_bJ24
100 _aJarque García, Jesús
_eAUT
245 0 _aIntervención educativa en el TDAH
260 _c2017
300 _a172 páginas :
_c24 cm.
650 _aGEN
654 _aCPS
942 _cLIB
_dJUS
_fJUS
_2ddc
_n
999 _c2316
_d2316